| 000 | 00651nam a22002057a 4500 | ||
|---|---|---|---|
| 999 |
_c234978 _d234978 |
||
| 003 | Nust | ||
| 005 | 20190924105856.0 | ||
| 008 | 170404b xxu||||| |||| 00| 0 eng d | ||
| 038 | _aNusrat Nadeem | ||
| 040 |
_aDLC _bDLC _cRCMS |
||
| 082 | _a621.38 DES | ||
| 100 |
_aDEGEM SYSTEMS _9234 |
||
| 245 |
_aDEGEM Technological Training Systems Experiments in Modern Communication _cCourse COM-1 Frequency Division Multiplexing |
||
| 260 |
_aUSA _bDEGEM SYSTEMS _cc 1982 |
||
| 300 |
_a173,p: _bill: _c27,cm. |
||
| 538 | _iShelf # 15, Row # 6, Communication. | ||
| 650 |
_aModern Communication _9243 |
||
| 856 | _3Table of Content Only | ||
| 942 |
_2ddc _cBK |
||